000
00286nam a2200121Ia 4500
008
190216s9999||||xx |||||||||||||| ||und||
100
_a
Thampi. J K.
245
0
_a
Amma Paranja Kathakal (bala Sahithiyam)
260
_b
Urmila
_c
2001
300
_a
44
650
_a
Kathakal
942
_c
BK
999
_c
28237
_d
28237